All countries that have lowered emissions since 1990 - Statistics

General Stats
  • This quiz has been taken 23 times
  • The average score is 37 of 47
Answers on the Map
Answers color-coded by a green-red scale on the quiz's map according to % correct below.
 
Answer Stats
Decrease Answer % Correct
-20% Belgium
100%
-68% Estonia
100%
-19% France
100%
-37% Germany
100%
-24% Greece
100%
-32% Hungary
100%
-23% Italy
100%
-11% Japan
100%
-59% Latvia
100%
-55% Lithuania
100%
-22% Poland
100%
-52% Romania
100%
-18% Serbia
100%
-39% Slovakia
100%
-15% Slovenia
100%
-23% Sweden
100%
-17% Switzerland
100%
-46% United Kingdom
100%
-6% Austria
94%
-35% Bulgaria
94%
-29% Croatia
94%
-37% Czechia
94%
-34% Denmark
94%
-36% Finland
94%
-26% Netherlands
94%
-78% Ukraine
94%
-27% Belarus
88%
-11% Bosnia and Herzegovina
88%
-67% Moldova
88%
-2% United States
88%
-31% Albania
82%
-16% Russia
82%
-23% North Macedonia
76%
-62% Armenia
65%
-57% Georgia
65%
-5% Kazakhstan
65%
-33% Luxembourg
65%
-13% Malta
65%
-1% Azerbaijan
53%
-30% Cuba
41%
-35% Kyrgyzstan
35%
-17% Jamaica
24%
-52% North Korea
24%
-28% Syria
24%
-39% Palau
12%
-9% Gabon
6%
-14% Zimbabwe
0%
No matching quizzes found
Score Distribution
Percent of People with Each Score
Percentile by Number Answered
Your Score History
You have not taken this quiz